000 01180nas a2200349 4500
001 BR2013003633
003 BR-BrBNA
005 20231205122310.0
007 ta
008 230509b bl.|||p| |||| 00| 00por d
040 _aBR-BrBNA
_bpor
_cBiblioteca Nacional de Agricultura
041 _a(En)
072 _aL74; L70
100 1 _aMoreira, C.N.
100 1 _aSouza, S.N.
100 1 _aBarini, A.C.
100 1 _aAraújo, E.G.
100 1 _aFioravanti, M.C.S.
100 1 _a
100 1 _a
245 1 _aSerum y-glutamyltransferase activity as an indicator of chronic liver injury in cattle with no clinical signs
246 1 _aSerum y-glutamyltransferase activity as an indicator of chronic liver injury in cattle with no clinical signs
650 _aBOVINO
650 _aLESÃO HEPÁTICA
650 _aFÍGADO
650 _aDISTÚRBIO FISIOLÓGICO
650 _aDIAGNÓSTICO
773 0 _tArquivo Brasileiro de Medicina Veterinária e Zootecnia (Brazil)
_xISSN 0102-0935
_g(Dec 2012), v. 64(6) p. 1403-1410
_wBR2013003633
856 4 0 _uhttp://www.scielo.br/pdf/abmvz/v64n6/01.pdf
909 _a202311
_bLúcia
_c55
_dLúcia Elande
942 _2AGRIS
_n0
_cANA
999 _c227932
_d227932